Rektifikačná kolóna na delenie zmesi d-citronelalu a citronelolu
Gespeichert in:
| 1. Verfasser: | |
|---|---|
| Weitere Verfasser: | |
| Format: | Manuskript Buch |
| Sprache: | Slowakisch |
| Veröffentlicht: |
2022
|
| Schlagworte: | |
| Online-Zugang: | http://is.stuba.sk/zp/portal_zp.pl?podrobnosti=165616 |
| Tags: |
Keine Tags, Fügen Sie das erste Tag hinzu!
|
MARC
| LEADER | 00000ntm a22000003a 4500 | ||
|---|---|---|---|
| 001 | stuzp90971 | ||
| 003 | SK-STU | ||
| 005 | 20220611214225.6 | ||
| 007 | ta | ||
| 008 | 150427s2015----xo-----f-mn---000-0-slo-d | ||
| 040 | |a STU |b slo | ||
| 041 | 0 | |a slo | |
| 100 | 1 | |a Szelepcsényi, Erik |u 020040 |k Z4 |4 aut |U SjF Strojnícka fakulta |T SjF Ústav procesného inžinierstva |X 87717 |U J0040 |Y 807 |7 87717 | |
| 242 | 0 | 1 | |a Rectification column for separation of a mixture of d-citronellal and citronellol |y eng |
| 245 | 1 | 0 | |a Rektifikačná kolóna na delenie zmesi d-citronelalu a citronelolu |
| 260 | |c 2022 | ||
| 650 | 4 | |a rektifikácia |2 slo | |
| 650 | 4 | |a Raschigové krúžky |2 slo | |
| 650 | 4 | |a pevnostná kontrola |2 slo | |
| 650 | 4 | |a McCabe – Thieleho metóda |2 slo | |
| 650 | 4 | |a náplňová kolóna |2 slo | |
| 650 | 4 | |a Raschig rings |2 eng | |
| 650 | 4 | |a rectification |2 eng | |
| 650 | 4 | |a McCabe – Thiele method |2 eng | |
| 650 | 4 | |a packed column |2 eng | |
| 650 | 4 | |a strenght control |2 eng | |
| 700 | 1 | |a Gužela, Štefan |u 020040 |k Z1 |4 ths |U SjF Strojnícka fakulta |T SjF Ústav procesného inžinierstva |X 4267 |U J0040 |Y 807 |7 A000004267 | |
| 856 | 4 | |u http://is.stuba.sk/zp/portal_zp.pl?podrobnosti=165616 | |
| 996 | |b 284J046900 |c J* 3400/DDP |l JJSK |s A |a 24 |w stuzp90971_0001 | ||